000
00286nam a2200121Ia 4500
008
190216s9999||||xx |||||||||||||| ||und||
100
_a
Satish Chandra
245
0
_a
Latest Sample Question Paper
260
_b
Satish Brothers
_c
2003
300
_a
552
650
_a
Physics
942
_c
REF
999
_c
36717
_d
36717